Some Views On The Valuation Of Strata Lots For U.C.V. In Victoria

Bibliographic Details
Main Author: Gaman, E. R.
Format: Book
Published: 1985
Subjects:

MARC

LEADER 00000cam a2200000 7i4500
001 0000016058
005 20060203.0
040 |a INS 
090 0 0 |a KK27 
100 1 |a Gaman, E. R. 
245 1 0 |a Some Views On The Valuation Of Strata Lots For U.C.V. In Victoria   |c E.R.Gaman 
260 |a 1985 
300 |a Muka Surat Pelbagai ;   |c 30cm. 
650 0 0 |a Land use   |z Victoria, Australia   |x Valuation 
999 |a KK00000081   |b BOOK   |c Course Notes   |e Default branch 
999 |a KK00000082   |b BOOK   |c Course Notes   |e Default branch